Simon's income tax / (Record no. 5036)
[ view plain ]
| 000 -LEADER | |
|---|---|
| fixed length control field | 01044nam a2200289 a 4500 |
| 001 - CONTROL NUMBER | |
| control field | 5036 |
| 003 - CONTROL NUMBER IDENTIFIER | |
| rucl marc code | BD-RjUL |
| 005 - DATE AND TIME OF LATEST TRANSACTION | |
| control field | 20211208234010.0 |
| 008 - FIXED-LENGTH DATA ELEMENTS--GENERAL INFORMATION | |
| fixed length control field | 160922r19541952enk 000 0 eng |
| 035 ## - SYSTEM CONTROL NUMBER | |
| System control number | (BD-RjUL)5072 |
| 040 ## - CATALOGING SOURCE | |
| Original cataloging agency | DLC |
| Transcribing agency | CarP |
| Modifying agency | DLC |
| -- | BD-RjUL |
| Language of cataloging | eng |
| 041 ## - LANGUAGE CODE | |
| Language code of text/sound track or separate title | eng |
| 082 04 - DEWEY DECIMAL CLASSIFICATION NUMBER | |
| Edition number | 19 |
| Classification number | 336.24 |
| Author mark and year | SIS 1954 |
| 100 1# - MAIN ENTRY--PERSONAL NAME | |
| Personal name | Simon, John Allsebrook Simon, |
| Dates associated with a name | 1873-1954, |
| 9 (RLIN) | 15859 |
| 245 10 - TITLE STATEMENT | |
| Title | Simon's income tax / |
| Statement of responsibility, etc. | John Allsebrook Simon Simon. |
| 250 ## - EDITION STATEMENT | |
| Edition statement | 2nd ed. |
| 260 ## - PUBLICATION, DISTRIBUTION, ETC. (IMPRINT) | |
| Place of publication, distribution, etc. | London : |
| Name of publisher, distributor, etc. | Butterworth, |
| Date of publication, distribution, etc. | 1952-1954 |
| 300 ## - PHYSICAL DESCRIPTION | |
| Pagination | 5 v. in 6. ; |
| Size | 25 cm. |
| 505 ## - FORMATTED CONTENTS NOTE | |
| Formatted contents note | Vol. 1 -- Vol. 2 -- Vol. 3 -- Vol. 4 -- |
| 525 ## - SUPPLEMENT NOTE | |
| Supplement note | Kept up to date by Replacement volumes, loose-leaf Service volumes and special pamphlets called Finance act. |
| 650 #0 - SUBJECT ADDED ENTRY--TOPICAL TERM | |
| Topical term or geographic name as entry element | Income tax |
| General subdivision | Law and legislation |
| Geographic subdivision | Great Britain. |
| 9 (RLIN) | 9381 |
| 710 1# - ADDED ENTRY--CORPORATE NAME | |
| Corporate name or jurisdiction name as entry element | Great Britain. |
| Form subheading | Laws, statutes, etc. [from old catalog] |
| 9 (RLIN) | 7580 |
| 942 ## - ADDED ENTRY ELEMENTS (KOHA) | |
| Source of classification or shelving scheme | Dewey Decimal Classification |
| Koha item type | Books |
| Lost status | Source of classification or shelving scheme | Damaged status | Not for loan | Collection code | Permanent Location | Current Location | Shelving location | Date acquired | Source of acquisition | Cost, normal purchase price | Total Checkouts | Full call number | Date last seen | Copy number | Koha item type |
|---|---|---|---|---|---|---|---|---|---|---|---|---|---|---|---|
| Dewey Decimal Classification | Not For Loan | Non-fiction | Central Library, University of Rajshahi | Central Library, University of Rajshahi | Reading Room | 13/12/1955 | ALLIS | 255.15 | 336.24 SIS V-1 1952 | 24/12/2013 | C-2 | Books | |||
| Dewey Decimal Classification | Non-fiction | Central Library, University of Rajshahi | Central Library, University of Rajshahi | 13/12/1955 | Allus book cor. | 255.15 | 336.24 SIS V-3 1952 | 26/06/2016 | C-2 | Books | |||||
| Dewey Decimal Classification | Non-fiction | Central Library, University of Rajshahi | Central Library, University of Rajshahi | 13/12/1955 | Allus book cor. | 255.15 | 336.24 SIS V-2 1952 | 26/06/2016 | C-2 | Books | |||||
| Dewey Decimal Classification | Non-fiction | Central Library, University of Rajshahi | Central Library, University of Rajshahi | 20/12/1955 | Aligarh Library | 0.00 | 336.24 SIS V-4 1954 | 22/09/2016 | C-2 | Books |